[Event "Liga Madrileña - DH 2016-2017"]
[Site "Madrid ESP"]
[Date "2016.12.18"]
[Round "4.14"]
[White "Ruperez Benito, Antonio"]
[Black "Gil Quilez, David"]
[Result "0-1"]
[WhiteElo "2313"]
[BlackElo "2208"]
[PlyCount "98"]
[EventDate "2016.11.20"]
[EventType "team-tourn"]
[EventRounds "14"]
[EventCountry "ESP"]
[SourceTitle "Ajedrez en Madrid"]
[Source "lmi"]
[SourceDate "2016.11.20"]
[WhiteTeam "64 Villalba"]
[BlackTeam "La Casa del Ajedrez"]
[WhiteTeamCountry "ESP"]
[BlackTeamCountry "ESP"]

1. e4 d5 2. exd5 Qxd5 3. Nc3 Qd6 4. d4 Nf6 5. Nf3 a6 6. Ne5 Nc6 7. Bf4 Nxd4 8.
Bc4 Be6 9. Bd3 Qb4 10. a3 Nxc2+ 11. Qxc2 Qxf4 12. Nf3 g6 13. Rd1 c6 14. Ne2 Qc7
15. h4 Bd5 16. Rh3 Bg7 17. Kf1 O-O-O 18. Nc3 Be6 19. Rh1 Nd5 20. Ng5 Bxc3 21.
bxc3 Nf4 22. Nxe6 Nxe6 23. Rb1 Nc5 24. Be2 Qf4 25. g3 Qe4 26. Qxe4 Nxe4 27. Rc1
h5 28. Kg2 Rd2 29. Kf3 Nc5 30. Ke3 Rd6 31. f3 Kc7 32. g4 Re6+ 33. Kf2 Rd8 34.
Bc4 Rf6 35. Kg3 b5 36. Bf1 hxg4 37. Re1 Rxf3+ 38. Kxg4 Rxc3 39. Rxe7+ Rd7 40.
Re5 Nd3 41. Re2 Rxa3 42. Kg5 Nc5 43. Bh3 Rd5+ 44. Kf6 Rf3+ 45. Kg7 Rdd3 46. Bg2
Rf4 47. Rc1 Kb6 48. Re5 Ne6+ 49. Kg8 Rd8+ 0-1

[Event "Liga Madrileña - DH 2016-2017"]
[Site "Madrid ESP"]
[Date "2016.12.18"]
[Round "4.15"]
[White "Guadamuro Torrente, Anabel"]
[Black "Veganzonez Rojo, David"]
[Result "1-0"]
[WhiteElo "2130"]
[BlackElo "2117"]
[PlyCount "99"]
[EventDate "2016.11.20"]
[EventType "team-tourn"]
[EventRounds "14"]
[EventCountry "ESP"]
[SourceTitle "Ajedrez en Madrid"]
[Source "lmi"]
[SourceDate "2016.11.20"]
[WhiteTeam "La Casa del Ajedrez"]
[BlackTeam "64 Villalba"]
[WhiteTeamCountry "ESP"]
[BlackTeamCountry "ESP"]

1. e4 e5 2. Nf3 Nc6 3. Bc4 Nf6 4. d3 Be7 5. Bb3 d6 6. c3 O-O 7. Nbd2 Na5 8. Bc2
c5 9. O-O Nc6 10. Nc4 Re8 11. Re1 h6 12. Ne3 Bf8 13. Bb3 g6 14. h3 Bg7 15. Nh2
Na5 16. Ba4 Bd7 17. Bxd7 Qxd7 18. Nhg4 Nxg4 19. hxg4 Nc6 20. Qf3 Ne7 21. Qh3
Qe6 22. c4 Kh7 23. Qh4 Rh8 24. Bd2 Bf6 25. Qg3 Bg5 26. Bc3 Bxe3 27. fxe3 Nc6
28. Rf1 Kg7 29. Rf2 f6 30. Raf1 Raf8 31. a3 a5 32. Rf3 Rf7 33. Qh4 Rhf8 34. Bd2
Ne7 35. Bxa5 b5 36. cxb5 Qb3 37. Bc3 Qxb5 38. d4 Qd3 39. dxe5 dxe5 40. Rh3 Ng8
41. Qg3 Qxe4 42. g5 hxg5 43. Qh2 Re8 44. Rd1 g4 45. Rh7+ Kf8 46. Rxf7+ Kxf7 47.
Qh7+ Kf8 48. Rd7 Qxe3+ 49. Kf1 Ne7 50. Bd2 1-0

[Event "Liga Madrileña - DH 2016-2017"]
[Site "Madrid ESP"]
[Date "2016.12.18"]
[Round "4.16"]
[White "Pascual Palomo, Lucia"]
[Black "Collado Barbas, Laura"]
[Result "1-0"]
[WhiteElo "2109"]
[BlackElo "2096"]
[PlyCount "65"]
[EventDate "2016.11.20"]
[EventType "team-tourn"]
[EventRounds "14"]
[EventCountry "ESP"]
[SourceTitle "Ajedrez en Madrid"]
[Source "lmi"]
[SourceDate "2016.11.20"]
[WhiteTeam "64 Villalba"]
[BlackTeam "La Casa del Ajedrez"]
[WhiteTeamCountry "ESP"]
[BlackTeamCountry "ESP"]

1. e4 e6 2. d4 d5 3. exd5 exd5 4. Bd3 Nc6 5. Ne2 Bd6 6. Nbc3 Bg4 7. f3 Bh5 8.
Nxd5 Bg6 9. Ndf4 Qf6 10. Be3 O-O-O 11. c3 Re8 12. Nd5 Qh4+ 13. Kf1 Nh6 14. Qd2
Bxd3 15. Qxd3 g5 16. Bf2 Qh5 17. Nf6 Qg6 18. Qxg6 hxg6 19. Nxe8 Rxe8 20. Bg3
Nf5 21. Bxd6 cxd6 22. Kf2 d5 23. Ng3 Nd6 24. h4 gxh4 25. Rxh4 Nc4 26. b3 Nb2
27. Ne2 Nd3+ 28. Kf1 Ne7 29. g4 Nc6 30. Rh7 f5 31. gxf5 gxf5 32. Rf7 Ne7 33.
Rd1 1-0

[Event "Liga Madrileña - DH 2016-2017"]
[Site "Madrid ESP"]
[Date "2016.12.18"]
[Round "4.22"]
[White "Bolado Saez, Sergio"]
[Black "Solaesa Navalpotro, Luis Julio"]
[Result "1/2-1/2"]
[WhiteElo "2370"]
[BlackElo "2215"]
[PlyCount "77"]
[EventDate "2016.11.20"]
[EventType "team-tourn"]
[EventRounds "14"]
[EventCountry "ESP"]
[SourceTitle "Ajedrez en Madrid"]
[Source "lmi"]
[SourceDate "2016.11.20"]
[WhiteTeam "Blanco y Negro"]
[BlackTeam "Moratalaz"]
[WhiteTeamCountry "ESP"]
[BlackTeamCountry "ESP"]

1. d4 Nf6 2. c4 e6 3. Nf3 Bb4+ 4. Nbd2 b6 5. a3 Bxd2+ 6. Bxd2 Bb7 7. Bg5 h6 8.
Bh4 g5 9. Bg3 Ne4 10. e3 d6 11. Nd2 Nxd2 12. Qxd2 Nd7 13. f3 f5 14. O-O-O Qe7
15. Kb1 O-O-O 16. Bd3 Rhf8 17. Rhe1 e5 18. d5 e4 19. fxe4 fxe4 20. Bc2 h5 21.
h3 h4 22. Bh2 g4 23. hxg4 Rg8 24. Qe2 Nf6 25. Rf1 Nxg4 26. Bg1 Kb8 27. Rf4 Bc8
28. Bxe4 Qg5 29. Rdf1 Rde8 30. Ka2 Nf6 31. Bf5 Bxf5 32. Rxf5 Qg4 33. Qc2 Ne4
34. R5f4 Qxg2 35. Qxg2 Rxg2 36. Rxh4 Nd2 37. Rf2 Rxg1 38. Rxd2 Re1 39. Rf2
1/2-1/2

[Event "Liga Madrileña - DH 2016-2017"]
[Site "Madrid ESP"]
[Date "2016.12.18"]
[Round "4.23"]
[White "Cortes Jurado, Rafael"]
[Black "Alarcia Astiz, Carlos"]
[Result "0-1"]
[WhiteElo "2119"]
[BlackElo "2331"]
[PlyCount "87"]
[EventDate "2016.11.20"]
[EventType "team-tourn"]
[EventRounds "14"]
[EventCountry "ESP"]
[SourceTitle "Ajedrez en Madrid"]
[Source "lmi"]
[SourceDate "2016.11.20"]
[WhiteTeam "Moratalaz"]
[BlackTeam "Blanco y Negro"]
[WhiteTeamCountry "ESP"]
[BlackTeamCountry "ESP"]

1. d4 Nf6 2. c4 e6 3. Nc3 Bb4 4. e3 O-O 5. Nge2 d5 6. a3 Be7 7. cxd5 exd5 8.
Nf4 Re8 9. Bd3 c6 10. O-O Nbd7 11. f3 Nb6 12. g4 h6 13. a4 a5 14. Qb3 Bd6 15.
Nce2 Bc7 16. Bd2 Nh7 17. Rae1 Ng5 18. Kg2 Qd6 19. Rh1 Bd7 20. h4 Ne6 21. Bc2
Nc4 22. Bc1 c5 23. Qd3 Nf8 24. b3 Nb6 25. Ba3 Qe7 26. dxc5 Be5 27. cxb6 Qxa3
28. Nxd5 Rac8 29. Nd4 Qc5 30. Nc7 Red8 31. Re2 Qxb6 32. Ncb5 Bxb5 33. Qxb5 Bxd4
34. exd4 Qxb5 35. axb5 Ne6 36. Rd2 Rxd4 37. Rf2 Rc5 38. b6 Rb4 39. Rd1 Rxb6 40.
Rd7 Rb4 41. Rfd2 g6 42. Re7 a4 43. Re8+ Kg7 44. Be4 0-1

[Event "Liga Madrileña - DH 2016-2017"]
[Site "Madrid ESP"]
[Date "2016.12.18"]
[Round "4.24"]
[White "Shen, Yue"]
[Black "Gonzalez Rivera, Eduardo"]
[Result "1/2-1/2"]
[WhiteElo "2223"]
[BlackElo "2040"]
[PlyCount "62"]
[EventDate "2016.11.20"]
[EventType "team-tourn"]
[EventRounds "14"]
[EventCountry "ESP"]
[SourceTitle "Ajedrez en Madrid"]
[Source "lmi"]
[SourceDate "2016.11.20"]
[WhiteTeam "Blanco y Negro"]
[BlackTeam "Moratalaz"]
[WhiteTeamCountry "ESP"]
[BlackTeamCountry "ESP"]

1. d4 d5 2. c4 c6 3. Nc3 dxc4 4. e4 b5 5. a4 b4 6. Nce2 Nf6 7. Ng3 c3 8. bxc3
bxc3 9. Ba3 Ba6 10. Bxa6 Nxa6 11. Nf3 e6 12. Bxf8 Kxf8 13. O-O Qa5 14. Qd3 c5
15. Rfc1 cxd4 16. Qxd4 Ke7 17. Rxc3 Rhd8 18. Qc4 Rac8 19. Qxc8 Rxc8 20. Rxc8
Nc5 21. Rc1 Nfxe4 22. h3 Kf6 23. Nh5+ Kg6 24. g4 Nd3 25. R1c2 Ne1 26. Nxe1
Qxe1+ 27. Kg2 Nd2 28. Ng3 h6 29. R8c3 Ne4 30. Rc4 Nxg3 31. Kxg3 Qg1+ 1/2-1/2

[Event "Liga Madrileña - DH 2016-2017"]
[Site "Madrid ESP"]
[Date "2016.12.18"]
[Round "4.25"]
[White "Barranco Sanz, Luis Miguel"]
[Black "Alba Linero, Emilio"]
[Result "1/2-1/2"]
[WhiteElo "2011"]
[BlackElo "2202"]
[PlyCount "80"]
[EventDate "2016.11.20"]
[EventType "team-tourn"]
[EventRounds "14"]
[EventCountry "ESP"]
[SourceTitle "Ajedrez en Madrid"]
[Source "lmi"]
[SourceDate "2016.11.20"]
[WhiteTeam "Moratalaz"]
[BlackTeam "Blanco y Negro"]
[WhiteTeamCountry "ESP"]
[BlackTeamCountry "ESP"]

1. d4 Nf6 2. c3 d5 3. Bf4 e6 4. e3 Be7 5. Bd3 O-O 6. Nd2 c5 7. Ngf3 Nc6 8. O-O
b6 9. Ne5 Bb7 10. g4 Nxe5 11. Bxe5 Ne4 12. f3 Nxd2 13. Qxd2 Bd6 14. Bxd6 Qxd6
15. f4 f6 16. Qc2 h6 17. g5 hxg5 18. Bh7+ Kf7 19. Qg6+ Ke7 20. fxg5 Rf7 21.
gxf6+ gxf6 22. Bg8 Rxg8 23. Qxg8 Ba6 24. Rf3 Rf8 25. Qg7+ Rf7 26. Qg8 Rf8 27.
Qg6 Qb8 28. Kh1 f5 29. Rg1 Bd3 30. Qg5+ Kd7 31. Qg7+ Kc6 32. Rg6 Be4 33. Rxe6+
Kb5 34. Rxe4 dxe4 35. Qd7+ Kc4 36. Rxf5 Rxf5 37. Qxf5 Kd3 38. Qf2 cxd4 39. cxd4
Qc8 40. Kg2 Qg4+ 1/2-1/2

[Event "Liga Madrileña - DH 2016-2017"]
[Site "Madrid ESP"]
[Date "2016.12.18"]
[Round "4.26"]
[White "Rodriguez Melendez, Juan Humberto"]
[Black "Garcia Ruido, Ricardo"]
[Result "1-0"]
[WhiteElo "2166"]
[BlackElo "2000"]
[PlyCount "65"]
[EventDate "2016.11.20"]
[EventType "team-tourn"]
[EventRounds "14"]
[EventCountry "ESP"]
[SourceTitle "Ajedrez en Madrid"]
[Source "lmi"]
[SourceDate "2016.11.20"]
[WhiteTeam "Blanco y Negro"]
[BlackTeam "Moratalaz"]
[WhiteTeamCountry "ESP"]
[BlackTeamCountry "ESP"]

1. e4 e5 2. Nf3 Nc6 3. Bb5 a6 4. Ba4 Nf6 5. O-O Be7 6. d3 b5 7. Bb3 O-O 8. Re1
d6 9. c3 Bb7 10. Nbd2 Re8 11. Nf1 Bf8 12. Ng3 g6 13. Bg5 h6 14. Be3 d5 15. Qc1
Kh7 16. h3 Na5 17. Bc2 dxe4 18. dxe4 Nc4 19. Nd2 Nxe3 20. Rxe3 Bc5 21. Rf3 Qe7
22. Ndf1 Rad8 23. Ne3 Bc8 24. a4 Kg7 25. axb5 axb5 26. Bb3 Rf8 27. Ra8 Bxe3 28.
Qxe3 Be6 29. Ra6 Ng4 30. hxg4 Bxb3 31. Nf5+ gxf5 32. Qxh6+ Kg8 33. gxf5 1-0

[Event "Liga Madrileña - DH 2016-2017"]
[Site "Madrid ESP"]
[Date "2016.12.18"]
[Round "4.31"]
[White "Valles Moreno, Ivan"]
[Black "Vazquez Igarza, Renier"]
[Result "0-1"]
[WhiteElo "2438"]
[BlackElo "2566"]
[PlyCount "108"]
[EventDate "2016.11.20"]
[EventType "team-tourn"]
[EventRounds "14"]
[EventCountry "ESP"]
[SourceTitle "Ajedrez en Madrid"]
[Source "lmi"]
[SourceDate "2016.11.20"]
[WhiteTeam "Liberty Chess"]
[BlackTeam "Collado Villalba"]
[WhiteTeamCountry "ESP"]
[BlackTeamCountry "ESP"]

1. e4 c6 2. d4 d5 3. e5 Bf5 4. h4 h6 5. g4 Bd7 6. Nc3 e6 7. Be3 Qc7 8. Qd2 a6
9. h5 c5 10. Nf3 cxd4 11. Nxd4 Nc6 12. f4 Nxd4 13. Bxd4 Bc5 14. Bxc5 Qxc5 15.
O-O-O O-O-O 16. Rh3 Kb8 17. Ne2 Ne7 18. Nd4 Nc6 19. Nxc6+ Bxc6 20. Rc3 Qa7 21.
Rb3 Rc8 22. Qa5 Qf2 23. Qd2 Qxd2+ 24. Rxd2 f6 25. Re3 Rhf8 26. Rd4 Bd7 27. Bd3
fxe5 28. Rxe5 Kc7 29. Kd2 Kd6 30. Re1 Rc7 31. c4 a5 32. cxd5 exd5 33. f5 Rcc8
34. Bc2 Rce8 35. Rxe8 Rxe8 36. b4 Ke5 37. Ke3 Rc8 38. Bd3 Rc3 39. bxa5 Bb5 40.
a4 Ba6 41. g5 hxg5 42. f6 Kxf6 43. Rxd5 Rxd3+ 44. Rxd3 Bxd3 45. Kxd3 g4 46. Ke3
Kg5 47. Kf2 Kxh5 48. Kg3 Kg5 49. Kg2 Kf4 50. Kf2 g3+ 51. Kg2 Kg4 52. Kg1 Kf3
53. Kf1 g2+ 54. Kg1 Kg3 0-1

[Event "Liga Madrileña - DH 2016-2017"]
[Site "Madrid ESP"]
[Date "2016.12.18"]
[Round "4.32"]
[White "Moreno Ruiz, Javier"]
[Black "Perez Gonzalez, Jose Manuel"]
[Result "1-0"]
[WhiteElo "2448"]
[BlackElo "2322"]
[PlyCount "91"]
[EventDate "2016.11.20"]
[EventType "team-tourn"]
[EventRounds "14"]
[EventCountry "ESP"]
[SourceTitle "Ajedrez en Madrid"]
[Source "lmi"]
[SourceDate "2016.11.20"]
[WhiteTeam "Collado Villalba"]
[BlackTeam "Liberty Chess"]
[WhiteTeamCountry "ESP"]
[BlackTeamCountry "ESP"]

1. e4 c5 2. c3 g6 3. d4 cxd4 4. cxd4 d5 5. e5 Bg7 6. Nc3 Nc6 7. Bb5 e6 8. Nf3
Nge7 9. Bf4 Bd7 10. O-O O-O 11. Qd2 Na5 12. Bd3 Nc4 13. Qe2 Rc8 14. Rac1 f6 15.
exf6 Rxf6 16. Bg5 Rf7 17. b3 Na5 18. Ne5 Bxe5 19. dxe5 Qb6 20. Bf6 Qb4 21. Qd2
d4 22. Ne4 Qxd2 23. Nxd2 Nd5 24. Ne4 Rxc1 25. Rxc1 Bc6 26. Ng5 Rd7 27. Nxe6 Nc3
28. Rc2 b5 29. Nc5 Rd5 30. Na6 Kf7 31. f3 Bb7 32. Nb4 Rd7 33. Bg5 Ke6 34. Bd2
Kxe5 35. Bxc3 dxc3 36. Rxc3 Kd4 37. Rc1 a6 38. Bxb5 axb5 39. Rd1+ Kc3 40. Rxd7
Kxb4 41. Rxh7 Ka3 42. Rg7 b4 43. Rxg6 Nc6 44. Rg7 Na5 45. h4 Kxa2 46. h5 1-0

[Event "Liga Madrileña - DH 2016-2017"]
[Site "Madrid ESP"]
[Date "2016.12.18"]
[Round "4.33"]
[White "Gallardo Garcia, Andres"]
[Black "Reyes Larena, Juan"]
[Result "1-0"]
[WhiteElo "2327"]
[BlackElo "2448"]
[PlyCount "61"]
[EventDate "2016.11.20"]
[EventType "team-tourn"]
[EventRounds "14"]
[EventCountry "ESP"]
[SourceTitle "Ajedrez en Madrid"]
[Source "lmi"]
[SourceDate "2016.11.20"]
[WhiteTeam "Liberty Chess"]
[BlackTeam "Collado Villalba"]
[WhiteTeamCountry "ESP"]
[BlackTeamCountry "ESP"]

1. e4 e5 2. Nf3 Nc6 3. Bb5 Nge7 4. O-O a6 5. Ba4 d6 6. c3 Bd7 7. d4 Ng6 8. Be3
Be7 9. d5 Nb8 10. c4 h6 11. Nc3 Bg5 12. Nxg5 hxg5 13. f3 Nf4 14. g3 Nh3+ 15.
Kh1 Bxa4 16. Nxa4 Nd7 17. b4 Nf6 18. c5 g4 19. cxd6 cxd6 20. Nb6 Rb8 21. Rc1
Kf8 22. Kg2 Kg8 23. Qe2 Rh7 24. a4 Nd7 25. a5 f5 26. exf5 gxf3+ 27. Qxf3 Nxb6
28. axb6 Rc8 29. Rxc8 Qxc8 30. Rc1 Qd7 31. Qg4 1-0

[Event "Liga Madrileña - DH 2016-2017"]
[Site "Madrid ESP"]
[Date "2016.12.18"]
[Round "4.34"]
[White "Gascon del Nogal, Jose Rafael"]
[Black "Fernandez Garcia, Miguel Angel"]
[Result "1-0"]
[WhiteElo "2442"]
[BlackElo "2366"]
[PlyCount "83"]
[EventDate "2016.11.20"]
[EventType "team-tourn"]
[EventRounds "14"]
[EventCountry "ESP"]
[SourceTitle "Ajedrez en Madrid"]
[Source "lmi"]
[SourceDate "2016.11.20"]
[WhiteTeam "Collado Villalba"]
[BlackTeam "Liberty Chess"]
[WhiteTeamCountry "ESP"]
[BlackTeamCountry "ESP"]

1. e4 Nf6 2. e5 Nd5 3. d4 d6 4. Nf3 dxe5 5. Nxe5 c6 6. Be2 g6 7. O-O Bg7 8. c4
Nc7 9. Be3 c5 10. Qa4+ Nd7 11. Rd1 O-O 12. Qa3 cxd4 13. Bxd4 Qe8 14. Nxd7 Bxd7
15. Bxg7 Kxg7 16. Nc3 Bc6 17. Qa5 Ne6 18. b4 b6 19. Qe5+ Kg8 20. Nd5 Rd8 21. a4
h5 22. g4 hxg4 23. h3 gxh3 24. Ra3 Bxd5 25. cxd5 Ng7 26. Rxh3 Rd6 27. Qh2 f5
28. Rc1 Qd8 29. Ba6 e5 30. Rh8+ Kf7 31. Rxf8+ Qxf8 32. Rc7+ Kg8 33. Qxe5 Qf6
34. Qxf6 Rxf6 35. Rxa7 Rd6 36. Bb5 Kf8 37. Bc6 Nh5 38. Rb7 Nf4 39. a5 bxa5 40.
bxa5 Nxd5 41. Bxd5 Rxd5 42. a6 1-0

[Event "Liga Madrileña - DH 2016-2017"]
[Site "Madrid ESP"]
[Date "2016.12.18"]
[Round "4.35"]
[White "Garcia Cuenca, Victor Manuel"]
[Black "Martin Duque, Jesus"]
[Result "1-0"]
[WhiteElo "2339"]
[BlackElo "2312"]
[PlyCount "87"]
[EventDate "2016.11.20"]
[EventType "team-tourn"]
[EventRounds "14"]
[EventCountry "ESP"]
[SourceTitle "Ajedrez en Madrid"]
[Source "lmi"]
[SourceDate "2016.11.20"]
[WhiteTeam "Liberty Chess"]
[BlackTeam "Collado Villalba"]
[WhiteTeamCountry "ESP"]
[BlackTeamCountry "ESP"]

1. d4 Nf6 2. Nf3 d5 3. c4 c6 4. Nc3 dxc4 5. a4 Bf5 6. Ne5 Nbd7 7. Nxc4 Qc7 8.
g3 e5 9. dxe5 Nxe5 10. Bf4 Nfd7 11. Bg2 g5 12. Bxe5 Nxe5 13. Ne3 Be6 14. Qc2
Bc5 15. Nf5 O-O-O 16. O-O Bb6 17. Ng7 Bd7 18. b4 Bd4 19. Rac1 Bxc3 20. Qxc3
Rhg8 21. Nh5 Rg6 22. f4 Ng4 23. fxg5 Rxg5 24. Nf6 Qb6+ 25. Kh1 Nf2+ 26. Rxf2
Qxf2 27. Ne4 Qxe2 28. Nxg5 Bg4 29. Bf3 Bxf3+ 30. Qxf3 Qb2 31. Qf5+ Kb8 32. Rb1
Qa2 33. Qe5+ Ka8 34. Rb2 Qa1+ 35. Kg2 a6 36. Nxf7 Rd1 37. Rf2 Qb1 38. Qe8+ Ka7
39. Qe3+ Ka8 40. Nd6 Rg1+ 41. Kh3 Rf1 42. Qe8+ Ka7 43. Qf7 Qxb4 44. Nc8+ 1-0

[Event "Liga Madrileña - DH 2016-2017"]
[Site "Madrid ESP"]
[Date "2016.12.18"]
[Round "4.36"]
[White "Ortega Ruiz, Jose Miguel"]
[Black "Martin Rueda, Daniel"]
[Result "1-0"]
[WhiteElo "2233"]
[BlackElo "2292"]
[PlyCount "57"]
[EventDate "2016.11.20"]
[EventType "team-tourn"]
[EventRounds "14"]
[EventCountry "ESP"]
[SourceTitle "Ajedrez en Madrid"]
[Source "lmi"]
[SourceDate "2016.11.20"]
[WhiteTeam "Collado Villalba"]
[BlackTeam "Liberty Chess"]
[WhiteTeamCountry "ESP"]
[BlackTeamCountry "ESP"]

1. d4 d5 2. Nf3 Nf6 3. c4 c6 4. Nc3 dxc4 5. a4 Bf5 6. Ne5 Nbd7 7. Nxc4 Nb6 8.
Ne5 a5 9. f3 Nfd7 10. Nd3 Bxd3 11. Qxd3 e5 12. dxe5 Nxe5 13. Qe3 Nbc4 14. Qe4
Bc5 15. e3 f5 16. Qxf5 Qh4+ 17. Kd1 Qf2 18. Be2 Rd8+ 19. Kc2 Qxg2 20. Qe6+ Be7
21. Rd1 Rxd1 22. Kxd1 Qg1+ 23. Kc2 Nxe3+ 24. Bxe3 Qxe3 25. Qc8+ Bd8 26. Rd1 Nf7
27. Bc4 Qe7 28. Bxf7+ Kxf7 29. Rd7 1-0

[Event "Liga Madrileña - DH 2016-2017"]
[Site "Madrid ESP"]
[Date "2016.12.18"]
[Round "4.41"]
[White "Almagro Llamas, Pablo"]
[Black "Moreno Ibanez, Miguel"]
[Result "1-0"]
[WhiteElo "2446"]
[BlackElo "2286"]
[PlyCount "137"]
[EventDate "2016.11.20"]
[EventType "team-tourn"]
[EventRounds "14"]
[EventCountry "ESP"]
[SourceTitle "Ajedrez en Madrid"]
[Source "lmi"]
[SourceDate "2016.11.20"]
[WhiteTeam "Virgen de Atocha"]
[BlackTeam "Pueblo Nuevo"]
[WhiteTeamCountry "ESP"]
[BlackTeamCountry "ESP"]

1. d4 Nf6 2. Nf3 e6 3. c4 Bb4+ 4. Bd2 a5 5. g3 b6 6. Bg2 Bb7 7. O-O O-O 8. Bf4
Qc8 9. c5 a4 10. a3 Ba5 11. Qxa4 Bd2 12. Qc2 Bxf4 13. gxf4 Be4 14. Qd2 Nd5 15.
Nc3 Nxc3 16. Qxc3 Nc6 17. b4 Ra4 18. Ne5 Bxg2 19. Kxg2 Ne7 20. Qf3 Nf5 21. Qd3
Qb7+ 22. f3 d6 23. cxd6 cxd6 24. Nc4 Rfa8 25. Rfc1 d5 26. Nb2 R4a7 27. b5 Qe7
28. Rc3 Qf6 29. e3 Qg6+ 30. Kh1 Qh5 31. e4 Ng3+ 32. Kg2 dxe4 33. Qc4 exf3+ 34.
Kxg3 g5 35. Rxf3 gxf4+ 36. Kg2 Qg4+ 37. Kf2 Qh4+ 38. Kg1 Qg4+ 39. Kf2 Qh4+ 40.
Ke2 Qxh2+ 41. Rf2 f3+ 42. Kxf3 Rxa3+ 43. Rxa3 Rxa3+ 44. Nd3 Qh5+ 45. Ke3 Qg6
46. Kd2 h5 47. Ne5 Qg5+ 48. Kc2 Ra7 49. Nxf7 Qe3 50. Rf1 h4 51. Ne5 Kh8 52. Qd3
Qxd3+ 53. Kxd3 Ra2 54. Rb1 Ra3+ 55. Ke4 h3 56. Nc4 Rg3 57. Nxb6 Rg5 58. Nd7 h2
59. Rh1 Rxb5 60. Rxh2+ Kg7 61. Rf2 Rb1 62. Rg2+ Kf7 63. Ne5+ Ke7 64. Rg7+ Kf8
65. Ra7 Re1+ 66. Kf4 Rf1+ 67. Kg5 Rf2 68. Ng6+ Kg8 69. Nf4 1-0

[Event "Liga Madrileña - DH 2016-2017"]
[Site "Madrid ESP"]
[Date "2016.12.18"]
[Round "4.42"]
[White "Fernandez Lledo, Javier"]
[Black "Espinosa Aranda, Angel"]
[Result "0-1"]
[WhiteElo "2239"]
[BlackElo "2442"]
[PlyCount "76"]
[EventDate "2016.11.20"]
[EventType "team-tourn"]
[EventRounds "14"]
[EventCountry "ESP"]
[SourceTitle "Ajedrez en Madrid"]
[Source "lmi"]
[SourceDate "2016.11.20"]
[WhiteTeam "Pueblo Nuevo"]
[BlackTeam "Virgen de Atocha"]
[WhiteTeamCountry "ESP"]
[BlackTeamCountry "ESP"]

1. e4 c5 2. Nf3 e6 3. d4 cxd4 4. Nxd4 a6 5. Bd3 Ne7 6. Qe2 Nbc6 7. Nxc6 Nxc6 8.
O-O Bc5 9. Kh1 O-O 10. f4 d5 11. c3 f5 12. e5 Bd7 13. Nd2 d4 14. Nb3 Ba7 15.
Rd1 dxc3 16. bxc3 Ne7 17. Bc4 Qc8 18. Ba3 Re8 19. Nd4 Bxd4 20. cxd4 Ba4 21.
Rdc1 Qd7 22. Bd6 Bc6 23. Qh5 Be4 24. Bb3 Rac8 25. Rxc8 Rxc8 26. Qg5 Nd5 27.
Bxd5 Bxd5 28. Bc5 h6 29. Qg6 b6 30. Bxb6 Rc2 31. Bc5 Rxg2 32. Qxg2 Qb7 33. Qxd5
Qxd5+ 34. Kg1 Qf3 35. a4 Qxf4 36. Ra3 Qd2 37. a5 g5 38. h3 f4 0-1

[Event "Liga Madrileña - DH 2016-2017"]
[Site "Madrid ESP"]
[Date "2016.12.18"]
[Round "4.43"]
[White "Quispe Arteaga, Gabriel"]
[Black "Baigorri Navarro, Francisco Javier"]
[Result "1/2-1/2"]
[WhiteElo "2270"]
[BlackElo "2192"]
[PlyCount "43"]
[EventDate "2016.11.20"]
[EventType "team-tourn"]
[EventRounds "14"]
[EventCountry "ESP"]
[SourceTitle "Ajedrez en Madrid"]
[Source "lmi"]
[SourceDate "2016.11.20"]
[WhiteTeam "Virgen de Atocha"]
[BlackTeam "Pueblo Nuevo"]
[WhiteTeamCountry "ESP"]
[BlackTeamCountry "ESP"]

1. d4 Nf6 2. c4 e6 3. Nf3 d5 4. e3 Bb4+ 5. Bd2 Be7 6. Bd3 O-O 7. O-O b6 8. Nc3
Bb7 9. Qe2 Nbd7 10. e4 dxe4 11. Nxe4 c5 12. Bc3 cxd4 13. Bxd4 Nc5 14. Bxc5 Bxc5
15. Nxc5 bxc5 16. Rad1 Qb6 17. Nd2 Rac8 18. b3 Qa5 19. Nb1 Rfd8 20. Qd2 Qc7 21.
Qe2 Qa5 22. Qd2 1/2-1/2

[Event "Liga Madrileña - DH 2016-2017"]
[Site "Madrid ESP"]
[Date "2016.12.18"]
[Round "4.44"]
[White "Iturbide Arnedo, Oscar"]
[Black "Vazquez Torres, Adrian"]
[Result "1/2-1/2"]
[WhiteElo "2182"]
[BlackElo "2223"]
[PlyCount "53"]
[EventDate "2016.11.20"]
[EventType "team-tourn"]
[EventRounds "14"]
[EventCountry "ESP"]
[SourceTitle "Ajedrez en Madrid"]
[Source "lmi"]
[SourceDate "2016.11.20"]
[WhiteTeam "Pueblo Nuevo"]
[BlackTeam "Virgen de Atocha"]
[WhiteTeamCountry "ESP"]
[BlackTeamCountry "ESP"]

1. e4 e6 2. d4 d5 3. Nd2 c5 4. Ngf3 Nf6 5. exd5 exd5 6. Bb5+ Bd7 7. Bxd7+ Nbxd7
8. O-O Be7 9. dxc5 Nxc5 10. Nb3 O-O 11. Nxc5 Bxc5 12. Bg5 Rc8 13. c3 Rc6 14.
Ne5 Re6 15. Ng4 Be7 16. Nxf6+ Bxf6 17. Bxf6 Rxf6 18. Qb3 Rb6 19. Qc2 Qf6 20.
Rad1 Re8 21. Rxd5 Rbe6 22. Rdd1 h5 23. Rd3 Re2 24. Rd2 Re1 25. Rd1 R1e2 26. Rd2
Re1 27. Rd1 1/2-1/2

[Event "Liga Madrileña - DH 2016-2017"]
[Site "Madrid ESP"]
[Date "2016.12.18"]
[Round "4.45"]
[White "Rodrigo Yanguas, Maria"]
[Black "Nieto de la Cruz, Julio"]
[Result "1-0"]
[WhiteElo "2096"]
[BlackElo "2144"]
[PlyCount "51"]
[EventDate "2016.11.20"]
[EventType "team-tourn"]
[EventRounds "14"]
[EventCountry "ESP"]
[SourceTitle "Ajedrez en Madrid"]
[Source "lmi"]
[SourceDate "2016.11.20"]
[WhiteTeam "Virgen de Atocha"]
[BlackTeam "Pueblo Nuevo"]
[WhiteTeamCountry "ESP"]
[BlackTeamCountry "ESP"]

1. e4 c5 2. Nf3 d6 3. d4 Nf6 4. Nc3 cxd4 5. Nxd4 g6 6. Be2 Bg7 7. O-O O-O 8.
Bg5 Nc6 9. Nb3 Be6 10. Kh1 a5 11. a4 Rc8 12. f4 Nb4 13. Nd4 Bc4 14. Ndb5 d5 15.
e5 Bxe2 16. Qxe2 Ne4 17. Nxe4 Rxc2 18. Nd2 Rxb2 19. Rfb1 Rxb1+ 20. Rxb1 d4 21.
Rc1 f6 22. exf6 exf6 23. Bh4 d3 24. Qe6+ Kh8 25. Nd6 g5 26. Bf2 1-0